000 01337nam a2200337 a 4500
001 BRCA_8634
005 20190320210343.0
008 220916s1817----sp-#######---#000-0#lat-#
041 _alat
044 _asp
050 4 _aRS141.54
_b.P43
_c1817
245 1 0 _aPharmacopoea hispana.
250 _aEditio quarta
260 _aMatriti
_bApud M. Repullés
_c1817
300 _aviii,358 p.
_c22 cm
500 _aFondo antiguo
500 _aSe encuentra en Caja Fuerte
500 _aCO8-96
500 _aGrabado en portada
500 _aCon ex-libris de: Esta y otras varias obras, de todas clases se hallrán en Cádiz en la librería de Hortal y Compañía, plazuela de San Agustín
500 _aSe localiza un sello en la primera página del documento: ´botica de la manterilla´
500 _aContiene prefacio
500 _aIncluye índice de los capítulos y medicamentos
500 _aRubrica en la página 358 ´Manuel de Grania y Rivera´
500 _aEstado físico: se observa daño por polilla en las páginas 67-145 y 269-304
506 0 _aFondo reservado: para su consulta es necesario credencial de usuario y carta de motivos
650 1 4 _aFarmacopeas
_vObras anteriores a 1800
_zEspaña
_921558
650 1 4 _aMedicamentos
_eEspecificaciones para preparaciones
_921559
902 _aLAR
942 _2lcc
_cB
999 _c8294
_d8294